| 000 | 00471nam a22001697a 4500 | ||
|---|---|---|---|
| 999 |
_c11148 _d11148 |
||
| 003 | OSt | ||
| 008 | 220414b ||||| |||| 00| 0 eng d | ||
| 020 | _a9780198062301 | ||
| 082 | _a338.5 | ||
| 100 | _aSALVATORE, Dominick | ||
| 245 | _aPrinciples of Microeconomics | ||
| 250 | _a15th International Version Edition | ||
| 260 |
_aNew Delhi _bOxford University Press _c2021 |
||
| 300 | _a633 | ||
| 650 | _aPrinciples of Microeconomics (Economics) | ||
| 942 |
_2ddc _cBK _02 |
||